000
00308pab a2200145 454500
008
180718b1999 xxu||||| |||| 00| 0 eng d
100
_a
Chatterjee, Achintya
245
_a
Role model
260
_c
1999
300
_a
p.6
362
_a
5 Sep
650
_a
Education
773
_a
Statesman
909
_a
43229
999
_c
43229
_d
43229